01187nab a22002537a 4500999001500000003000400015005001700019008004100036040000700077100003400084245020500118260007300323300001200396500003700408505009700445505008200542650002300624650002300647650003800670650002000708700003700728773015500765942001300920 c5552d5552OSt20251218080257.0190429b xxu||||| |||| 00| 0 spa d cPJ 94085aÁlvarez Doyle, Daniel13aAportes para una futura reforma del Código Penal argentino A propósito de las fórmulas nebulosas de los incisos 1° y 11 del art. 80 del Código Penal /cDaniel Alvarez Doyle, Juan Cruz Chapuy. cCiudad Autónoma de Buenos Aires :aThomson Reuters La Ley, b2025. ap. 5-19 aCita: TR LALEY AR/DOC/394/2025  aSumario: I. Introito.— II. Relación de pareja.— III. Femicidio.— IV. Bibliografía. tSi te interesa el texto completo, solicitalo a koha@justierradelfuego.gov.ar  09343aDERECHO PENAL 092480aCODIGO PENAL 092682aDELITOS CONTRA LAS PERSONAS 093054aFEMICIDIO 96530aChapuy, Juan Cruzecoautor0 0265893164tRevista de derecho penal y criminología. Nº 3 - Abril 2025dCiudad Autónoma de Buenos Aires : Thomson Reuters La Ley, 2017-x00347914 2udccANA